000 01361cam a22002891 4500
001 hew62000119
003 DLC
005 20260227111511.0
008 730420s1962 dcua b 000 0 eng c
010 _ahew62000119
035 _a(OCoLC)607410
040 _aU.S. Dept. of Health, Education and Welfare
_cOYU
_dNcRS
_dISS
_dIU
_dOCoLC
_dDLC
042 _apremarc
050 0 0 _aL111
_b.A6 1962, no. 5
051 _aLB2342
_b.M79
086 0 _aFS 5.250:50027
100 1 _aMushkin, Selma J.,
_d1913-
245 1 0 _aEconomics of higher education.
260 _a[Washington]
_bU.S. Dept. of Health, Education, and Welfare, Office of Education [For sale by the Superintendent of Documents, U.S. Govt. Print. Off.,
_c1962]
300 _axviii, 406 p.
_billus.
_c24 cm.
410 2 0 _aU.S. Office of Education.
_tBulletin 1962,
_vno. 5
500 _a"OE-50027."
501 _aCopies 1 and 2 of L111.A6 with: Publications of the Office of Education, 1962. -- Leadership role of state supervisors of mathematics. -- Research in the teaching of science, July 1957-July 1959. Washington : U.S. Dept. of Health, Education, and Welfare, Office of Education, 1962. Bound together subsequent to publication.
_5DLC
504 _aBibliographical footnotes.
650 0 _aEducation, Higher
_zUnited States
_xFinance.
650 0 _aEducation, Higher
_zUnited States
_vStatistics.
999 _c34373
_d34373